[Event "167th YMCA Spring A"]
[Site "Warsaw"]
[Date "2016.05.31"]
[Round "9"]
[White "Kasperkiewicz, Pawel"]
[Black "Praczukowski, Stanislaw"]
[Result "1-0"]
[WhiteElo "1923"]
[BlackElo "2073"]
[PlyCount "87"]
[EventDate "2016.04.07"]
[EventType "tourn"]
[EventRounds "1"]
[SourceDate "2016.04.07"]

1. d4 e6 2. e4 d5 3. Nd2 Nf6 4. e5 Nfd7 5. Bd3 c5 6. c3 b6 7. Qe2 cxd4 8. cxd4
Nc6 9. Ndf3 Nb4 10. Bg5 Be7 11. Bxe7 Qxe7 12. Bb5 a6 13. Ba4 a5 14. Bb5 Nc2+
15. Qxc2 Qb4+ 16. Qd2 Qxb5 17. Ne2 Ba6 18. Nc3 Qc4 19. b3 Qb4 20. Ne2 Qxd2+ 21.
Kxd2 Bxe2 22. Kxe2 Ke7 23. Rhc1 Rhc8 24. Ne1 f6 25. f4 Nf8 26. a3 Ng6 27. g3
Kd7 28. Kd3 Ne7 29. Nf3 Ra7 30. Rxc8 Nxc8 31. g4 a4 32. b4 Rc7 33. Re1 Na7 34.
exf6 gxf6 35. g5 f5 36. Ne5+ Kd6 37. h4 Nb5 38. h5 Nxa3 39. Rh1 Nc2 40. h6 a3
41. g6 Nxb4+ 42. Kd2 Rc8 43. gxh7 Ke7 44. h8=Q 1-0

[Event "167th YMCA Spring A"]
[Site "Warsaw"]
[Date "2016.06.03"]
[Round "9"]
[White "Moscicka, Pola"]
[Black "Choroszej, Aleksander"]
[Result "1-0"]
[WhiteElo "1840"]
[BlackElo "1959"]
[PlyCount "63"]
[EventDate "2016.04.07"]
[EventType "tourn"]
[EventRounds "1"]
[SourceDate "2016.04.07"]

1. e4 g6 2. d4 Bg7 3. Nc3 d6 4. f4 Nf6 5. Nf3 O-O 6. Bd3 Nc6 7. e5 dxe5 8. dxe5
Nd5 9. Bd2 f6 10. Qe2 fxe5 11. Nxd5 Bg4 12. O-O-O Nd4 13. Qf1 b5 14. Nc3 b4 15.
Ne4 a5 16. h3 Bxf3 17. gxf3 Kh8 18. Bc4 c5 19. Ng5 e6 20. Nxe6 Nxe6 21. Bxe6
Qf6 22. Bd5 Rac8 23. Qc4 exf4 24. c3 a4 25. Kc2 Rb8 26. b3 Rb6 27. Rhe1 Rd8 28.
Qxf4 axb3+ 29. Bxb3 Qc6 30. Re6 Qb7 31. Qc4 Qb8 32. Bf4 1-0

[Event "167th YMCA Spring A"]
[Site "Warsaw"]
[Date "2016.06.02"]
[Round "9"]
[White "Borowy, Cezary"]
[Black "Golecki, Jan"]
[Result "1-0"]
[WhiteElo "2026"]
[BlackElo "1880"]
[PlyCount "39"]
[EventDate "2016.04.07"]
[EventType "tourn"]
[EventRounds "1"]
[SourceDate "2016.04.07"]

1. e4 e5 2. Nf3 Nf6 3. Nxe5 d6 4. Nf3 Nxe4 5. Nc3 Nxc3 6. dxc3 Be7 7. Bf4 O-O
8. Qd2 Nd7 9. O-O-O Nc5 10. Bd3 Be6 11. Kb1 Rb8 12. h4 Re8 13. Ng5 h6 14. Nxe6
Nxe6 15. Bxh6 gxh6 16. Qxh6 Bf6 17. Bh7+ Kh8 18. Bg6+ Kg8 19. Qh7+ Kf8 20.
Qxf7# 1-0

[Event "167th YMCA Spring A"]
[Site "Warsaw"]
[Date "2016.05.31"]
[Round "9"]
[White "Fus, Jakub"]
[Black "Kokoszczynski, Jan"]
[Result "1/2-1/2"]
[WhiteElo "1936"]
[BlackElo "1983"]
[PlyCount "174"]
[EventDate "2016.04.07"]
[EventType "tourn"]
[EventRounds "1"]
[SourceDate "2016.04.07"]

1. d4 Nf6 2. c4 e6 3. Nf3 d5 4. g3 Bb4+ 5. Bd2 Be7 6. Bg2 O-O 7. O-O c6 8. Qc2
b6 9. Bf4 Bb7 10. cxd5 cxd5 11. Ne5 Nfd7 12. Nxd7 Qxd7 13. Rc1 Bf6 14. Qd2 Nc6
15. Be3 Rac8 16. Nc3 Rfd8 17. Bh3 Ba6 18. Rab1 Na5 19. Bg5 Nc4 20. Qf4 Bxg5 21.
Qxg5 h6 22. Qf4 Qc7 23. Rc2 Qxf4 24. gxf4 f5 25. Rbc1 $11 Kf7 26. Nd1 g5 27.
fxg5 hxg5 28. e3 Nd6 29. Rxc8 Rxc8 30. Rxc8 Bxc8 31. Bf1 Kf6 32. Nc3 Bd7 33.
Bd3 Bc6 34. Ne2 Bd7 35. Nc3 Bc6 36. Ne2 $11 Be8 37. b3 Bh5 38. Kf1 Be8 39. Ke1
Kg6 40. f4 g4 41. Ng3 Bb5 42. Bxb5 Nxb5 43. Kd2 Nd6 44. Ke2 Ne8 45. Kd3 Nd6 46.
Ke2 b5 47. b4 Nc4 48. Kd3 Nd6 49. Ke2 Nf7 50. Kd3 Nd8 51. Kd2 Nb7 52. Kd3 Nd6
53. Ke2 Kh6 54. Kd3 Nc8 55. Kd2 Nb6 56. Kc3 Nc4 57. Kd3 Nd6 58. Ke2 Kg6 59. Kd3
Nb7 60. Kc3 Nd8 61. Kd2 Nf7 62. Kc3 Nd6 63. Kd3 Kh6 64. Ke2 Nc4 65. Kd3 Nb2+
66. Kc2 Na4 67. Kb3 Nb6 68. Kc3 Nc8 69. Kd3 Nd6 70. Ke2 Kg6 71. Kd3 Kf6 72. Kd2
Ne4+ 73. Nxe4+ dxe4 74. Ke2 Ke7 75. Kd2 Kd6 76. Kc3 Kc6 77. Kb3 Kd5 78. Kc3 Kd6
79. Kd2 Ke7 80. Ke2 Kf6 81. Kf2 Kg6 82. Kg2 Kh6 83. Kf2 Kh5 84. Kg3 Kg6 85. Kf2
Kf6 86. Ke2 Kf7 87. Ke1 Kg6 1/2-1/2

[Event "167th YMCA Spring A"]
[Site "Warsaw"]
[Date "2016.06.01"]
[Round "9"]
[White "Piotrowski, Arkadiusz"]
[Black "Bajkowski, Marcin"]
[Result "1/2-1/2"]
[WhiteElo "2006"]
[BlackElo "1910"]
[PlyCount "232"]
[EventDate "2016.04.07"]
[EventType "tourn"]
[EventRounds "1"]
[SourceDate "2016.04.07"]

1. d4 Nf6 2. Nf3 g6 3. c4 Bg7 4. Nc3 d5 5. Bg5 c6 6. e3 O-O 7. Qb3 e6 8. Be2
Nbd7 9. O-O Qb6 10. Qc2 Re8 11. Rfd1 a5 12. h3 Qa7 13. Bf4 b6 14. Rac1 Bb7 15.
cxd5 exd5 16. Nd2 Rac8 17. Bf3 b5 18. Qb1 b4 19. Na4 Ba6 20. Nb3 Bb5 21. Nac5
a4 22. Nxd7 Nxd7 23. Nc5 Nxc5 24. Rxc5 Bf8 25. Rcc1 b3 26. Bg4 f5 27. Bf3 Bc4
28. a3 Rcd8 29. Be5 Bd6 30. Bxd6 Rxd6 31. Rc3 Kg7 32. Qc1 Rde6 33. Qd2 Qe7 34.
g3 h5 35. Be2 Bxe2 36. Qxe2 h4 37. Qf3 Qg5 38. Qf4 Qxf4 39. gxf4 Ra8 40. Rdc1
Ra6 41. Kg2 Kf6 42. Kf3 Ke7 $11 43. Ke2 Kd6 44. Kd3 Kd7 45. Rc5 Re8 46. Rg1 Rg8
47. Rg5 Ke6 48. f3 Kf6 49. Rg1 Re8 50. Rgc1 Re6 51. Re1 Re8 52. e4 Re7 53. Re2
Rd7 54. e5+ Ke6 55. Re1 Rd8 56. Rec1 Kd7 57. Rg1 Rg8 58. Rg2 Ke6 59. Rc1 Rb6
60. Rcg1 Kf7 61. Kc3 Rb7 62. Rg5 Rg7 63. Kd3 Rb6 64. e6+ Kf6 65. e7 Rb8 66. Rc1
Kxe7 67. Rxc6 Kd7 68. Rc5 Kd6 69. Rg1 Ra8 70. Rgc1 Ra6 71. Rc8 Rd7 72. R1c5 Ke7
73. Rh8 Kf6 74. Rhc8 Raa7 75. R8c6+ Kg7 76. Rc1 Kh7 77. Kd2 Kh6 78. R1c5 Kh7
79. Re6 Rac7 80. Kd3 Kg7 81. Ra6 Ra7 82. Rxa7 Rxa7 83. Rxd5 Rc7 84. Rc5 Re7 85.
Kd2 Rd7 86. Rc4 Ra7 87. Kc3 Re7 88. Kd2 Ra7 89. Kd3 Kf6 90. d5 Kf7 91. Kd4 Re7
92. Rxa4 Re2 93. Ra7+ Ke8 94. Rb7 Rxb2 95. Ke5 Re2+ 96. Kf6 Re3 97. Kxg6 Rxf3
98. Kxf5 Rxh3 99. Kg4 Rd3 100. Kxh4 Kd8 101. Rb5 Kc7 102. Kg4 Kd6 103. a4 Rd4
104. Rxb3 Rxa4 105. Rd3 Ra8 106. Kf3 Rh8 107. Rd1 Rf8 108. Ke4 Re8+ 109. Kf5
Rf8+ 110. Kg4 Rg8+ 111. Kf3 Rf8 112. Rd2 Ra8 113. Rd3 Rh8 114. Re3 Rh3+ 115.
Ke4 Rxe3+ 116. Kxe3 Kxd5 $11 1/2-1/2

[Event "167th YMCA Spring A"]
[Site "Warsaw"]
[Date "2016.06.17"]
[Round "10"]
[White "Kokoszczynski, Jan"]
[Black "Piotrowski, Arkadiusz"]
[Result "1-0"]
[WhiteElo "1983"]
[BlackElo "2006"]
[PlyCount "141"]
[EventDate "2016.04.07"]
[EventType "tourn"]
[EventRounds "1"]
[SourceDate "2016.04.07"]

1. e4 c5 2. Nf3 d6 3. d4 cxd4 4. Nxd4 Nf6 5. Nc3 g6 6. Be3 Bg7 7. f3 h5 8. Qd2
Nc6 9. O-O-O Bd7 10. Bc4 a6 11. Bb3 Na5 12. Kb1 Nxb3 13. cxb3 Qa5 14. Rc1 Rc8
15. Rc2 O-O 16. Rhc1 Qd8 17. Bh6 Re8 18. Bxg7 Kxg7 19. Qe3 b5 20. b4 Rc4 21. b3
Rc7 22. h3 Rh8 23. Kb2 Qa8 24. Qg5 Qa7 25. Nce2 Rhc8 26. Rxc7 Rxc7 27. Rxc7
Qxc7 28. g4 hxg4 29. hxg4 Qb6 30. Qe3 Kg8 31. Nc3 e6 32. Qd2 Bc8 33. Nc2 Kg7
34. Ne3 Bb7 35. Nc2 Nd7 36. f4 Nf6 37. Qe2 Qg1 38. g5 Nh5 39. Qd2 Qf1 40. Ne2
Qf3 41. e5 dxe5 42. fxe5 Qe4 43. Qe3 Qxe3 44. Nxe3 Bf3 45. Nd4 Bh1 46. Ne2 Bf3
47. Nd4 Be4 48. Ne2 Bd3 49. Nc1 Nf4 50. Kc3 Be4 51. Kd4 Bb7 52. Kc5 Nh3 53. Kb6
Be4 54. Kxa6 Nxg5 55. Kxb5 Nf3 56. Kc5 g5 57. b5 Nh2 58. a4 g4 59. Ne2 Kf8 60.
a5 Ke8 61. a6 Kd7 62. b6 Kc8 63. Ng3 Bf3 64. Kd6 Kb8 65. Ke7 Bc6 66. Kxf7 Nf3
67. Kxe6 Nd4+ 68. Kd6 Be8 69. Nd5 Nxb3 70. a7+ Kb7 71. Nc7 1-0

[Event "167th YMCA Spring A"]
[Site "Warsaw"]
[Date "2016.05.27"]
[Round "10"]
[White "Golecki, Jan"]
[Black "Fus, Jakub"]
[Result "0-1"]
[WhiteElo "1880"]
[BlackElo "1936"]
[PlyCount "94"]
[EventDate "2016.04.07"]
[EventType "tourn"]
[EventRounds "1"]
[SourceDate "2016.04.07"]

1. e4 c5 2. Nf3 d6 3. d4 cxd4 4. Nxd4 Nf6 5. Nc3 a6 6. Bg5 e6 7. f4 h6 8. Bh4
Be7 9. Qf3 Nbd7 10. O-O-O Qc7 11. g4 g5 12. fxg5 Ne5 13. Qg3 Nfxg4 14. gxh6
Rxh6 15. Bxe7 Qxe7 16. h3 Qg5+ 17. Rd2 Qh4 18. Rg1 Qxg3 19. Rxg3 Nf6 20. Nf3
Ke7 21. Nxe5 dxe5 22. Rg5 Rh5 23. Rdg2 Rxh3 24. Rxe5 Rh1 25. Rc5 Rxf1+ 26. Kd2
Nd7 27. Rh5 b5 28. Ke2 Rf6 29. e5 Rf4 30. Ke3 Rc4 31. Rg7 Bb7 32. Kf2 b4 33.
Ne2 Rxc2 34. Ke3 Rc5 35. Kd4 Rd5+ 36. Kc4 a5 37. Nf4 Rc8+ 38. Kb3 Nc5+ 39. Kc2
Nd3+ 40. Kb3 Nxf4 41. Rhh7 a4+ 42. Kxa4 Bc6+ 43. Kxb4 Be8 44. a4 Rd4+ 45. Ka5
Rxa4+ 46. Kb6 Rb4+ 47. Ka5 Rb5+ 0-1

[Event "167th YMCA Spring A"]
[Site "Warsaw"]
[Date "2016.06.09"]
[Round "10"]
[White "Choroszej, Aleksander"]
[Black "Borowy, Cezary"]
[Result "1/2-1/2"]
[WhiteElo "1959"]
[BlackElo "2026"]
[PlyCount "93"]
[EventDate "2016.04.07"]
[EventType "tourn"]
[EventRounds "1"]
[SourceDate "2016.04.07"]

1. d4 d5 2. c4 c6 3. e3 e6 4. Nc3 Bd6 5. Nf3 f5 6. Bd3 Nf6 7. O-O O-O 8. b3 Ne4
9. Bb2 Nd7 10. Rc1 Qf6 11. g3 Qh6 12. Be2 Ndf6 13. Ne5 Bd7 14. Na4 Qh3 15. Nc5
Nxc5 16. dxc5 Bxe5 17. Bxe5 Ng4 18. Bxg4 fxg4 19. e4 Be8 20. f4 gxf3 21. Rxf3
Bh5 22. Qf1 Qg4 23. Rf4 Rxf4 24. Qxf4 dxe4 25. Qxg4 Bxg4 26. Kf2 Rf8+ 27. Ke3
Rf3+ 28. Kxe4 Rf2 29. h4 Rxa2 30. Ra1 Re2+ 31. Kf4 Bf5 32. Bd6 a6 33. Rc1 h5
34. Rc3 Kf7 35. Re3 Rf2+ 36. Ke5 Rb2 37. Kd4 Rd2+ 38. Ke5 Rd1 39. Kf4 Bc2 40.
Kg5 g6 41. Rf3+ Bf5 42. Re3 Rd4 43. Bf4 Ke8 44. Kf6 Kd7 45. Re2 Ke8 46. Rd2
Rxd2 47. Bxd2 $11 1/2-1/2

[Event "167th YMCA Spring A"]
[Site "Warsaw"]
[Date "2016.06.07"]
[Round "10"]
[White "Praczukowski, Stanislaw"]
[Black "Moscicka, Pola"]
[Result "1-0"]
[WhiteElo "2073"]
[BlackElo "1840"]
[PlyCount "61"]
[EventDate "2016.04.07"]
[EventType "tourn"]
[EventRounds "1"]
[SourceDate "2016.04.07"]

1. e4 c5 2. Nf3 d6 3. d4 cxd4 4. Nxd4 Nf6 5. Nc3 a6 6. g3 b5 7. Bg2 Bb7 8. O-O
Nbd7 9. Re1 Qc7 10. a4 b4 11. Nd5 Nxd5 12. exd5 Nf6 13. Bf4 g6 14. Qd2 Bg7 15.
Nc6 Bxc6 16. dxc6 O-O 17. Qxb4 Rab8 18. Qc4 Rxb2 19. Qxa6 Rfb8 20. a5 Rxc2 21.
Rab1 Rcb2 22. Rxb2 Rxb2 23. Qa8+ Bf8 24. a6 Rb8 25. Qb7 Rxb7 26. cxb7 Qa5 27.
Rc1 Nd7 28. Bf1 Qb4 29. Rc7 Ne5 30. Bxe5 dxe5 31. a7 1-0

[Event "167th YMCA Spring A"]
[Site "Warsaw"]
[Date "2016.05.09"]
[Round "10"]
[White "Pietrzak, Wojciech"]
[Black "Kasperkiewicz, Pawel"]
[Result "0-1"]
[WhiteElo "1856"]
[BlackElo "1923"]
[PlyCount "58"]
[EventDate "2016.04.07"]
[EventType "tourn"]
[EventRounds "1"]
[SourceDate "2016.04.07"]

1. e4 e6 2. d4 d5 3. e5 c5 4. c3 Nc6 5. Nf3 Bd7 6. Be2 Nge7 7. Na3 cxd4 8. cxd4
Nf5 9. Nc2 Nb4 10. Nxb4 Bxb4+ 11. Kf1 O-O 12. h4 f6 13. g4 Ne7 14. a3 Ba5 15.
exf6 Rxf6 16. Bg5 Rf8 17. Qd3 Qe8 18. h5 Nc6 19. b4 Bb6 20. b5 Rxf3 21. Bxf3
Nxd4 22. Kg2 Bxb5 23. Qb1 Nxf3 24. Kxf3 Qf7+ 25. Bf4 Bc6 26. Kg3 Bxf2+ 27. Kxf2
Qxf4+ 28. Ke2 Qxg4+ 29. Kd2 Rf8 0-1

[Event "167th YMCA Spring A"]
[Site "Warsaw"]
[Date "2016.06.09"]
[Round "10"]
[White "Szymczak, Rafal"]
[Black "Tychulski, Krzysztof"]
[Result "1-0"]
[WhiteElo "2043"]
[BlackElo "1885"]
[PlyCount "77"]
[EventDate "2016.04.07"]
[EventType "tourn"]
[EventRounds "1"]
[SourceDate "2016.04.07"]

1. d4 Nf6 2. Nf3 d5 3. Bf4 c5 4. c3 e6 5. e3 Bd6 6. Bxd6 Qxd6 7. Bd3 Qb6 8. Qb3
c4 9. Qxb6 axb6 10. Be2 Nc6 11. Na3 Ra5 12. Nd2 b5 13. Nc2 O-O 14. O-O Nd7 15.
f4 f5 16. a3 Nb6 17. g4 Na4 18. Rab1 Bd7 19. gxf5 exf5 20. Nf3 Raa8 21. Kf2 Be8
22. Ne5 Rf6 23. Bf3 Rd8 24. Rg1 Rh6 25. Rg2 Bh5 26. Ne1 Na5 27. Bxh5 Rxh5 28.
N1f3 Nb3 29. h4 g6 30. Kg3 Rd6 31. Kh3 Kg7 32. Rbg1 Rh6 33. Ng5 Nb6 34. Ngf7
Rf6 35. Nxh6 Kxh6 36. Kg3 Kg7 37. h5 Na5 38. hxg6 hxg6 39. Kh4 1-0

[Event "167th YMCA Spring A"]
[Site "Warsaw"]
[Date "2016.06.02"]
[Round "11"]
[White "Kasperkiewicz, Pawel"]
[Black "Szymczak, Rafal"]
[Result "0-1"]
[WhiteElo "1923"]
[BlackElo "2043"]
[PlyCount "63"]
[EventDate "2016.04.07"]
[EventType "tourn"]
[EventRounds "1"]
[SourceDate "2016.04.07"]

1. d4 Nf6 2. c4 c5 3. Nf3 cxd4 4. Nxd4 Nc6 5. Nc3 e5 6. Ndb5 Bb4 7. a3 Bxc3+ 8.
Nxc3 h6 9. g3 O-O 10. Bg2 d6 11. O-O Be6 12. b3 Qd7 13. Ra2 Rfd8 14. Rd2 Bh3
15. a4 Bxg2 16. Kxg2 Nd4 17. e4 Qc6 18. f3 a6 19. Ne2 Ne6 20. Ba3 Ne8 21. Nc3
N6c7 22. f4 exf4 23. Rxf4 Ne6 24. Rf5 Rd7 25. Qg4 b5 26. axb5 axb5 27. Nxb5 Ng5
28. Rf4 Re7 29. Nd4 Qb7 30. Bb2 Rxe4 31. Rxe4 Nf6 32. Nc6 0-1

[Event "167th YMCA Spring A"]
[Site "Warsaw"]
[Date "2016.06.16"]
[Round "11"]
[White "Moscicka, Pola"]
[Black "Pietrzak, Wojciech"]
[Result "1-0"]
[WhiteElo "1840"]
[BlackElo "1856"]
[PlyCount "61"]
[EventDate "2016.04.07"]
[EventType "tourn"]
[EventRounds "1"]
[SourceDate "2016.04.07"]

1. e4 e6 2. d4 d5 3. Nd2 Be7 4. c3 Nf6 5. e5 Nfd7 6. Bd3 c5 7. Ne2 f6 8. exf6
Nxf6 9. O-O Nc6 10. Nf3 c4 11. Bc2 Bd7 12. Re1 Qb6 13. Nf4 Nd8 14. Ne5 Nf7 15.
Nxd7 Kxd7 16. Rxe6 Bd6 17. Rxf6 gxf6 18. Qg4+ Kd8 19. Nxd5 Qc6 20. Qf5 Be7 21.
Bf4 Rc8 22. Nxe7 Kxe7 23. Re1+ Kf8 24. Ba4 Qxa4 25. Qxc8+ Kg7 26. Qg4+ Kf8 27.
h3 Qxa2 28. Qf5 Kg7 29. Re6 Rf8 30. Rxf6 Qb1+ 31. Qxb1 1-0

[Event "167th YMCA Spring A"]
[Site "Warsaw"]
[Date "2016.06.14"]
[Round "11"]
[White "Borowy, Cezary"]
[Black "Praczukowski, Stanislaw"]
[Result "1/2-1/2"]
[WhiteElo "2026"]
[BlackElo "2073"]
[PlyCount "35"]
[EventDate "2016.04.07"]
[EventType "tourn"]
[EventRounds "1"]
[SourceDate "2016.04.07"]

1. e4 c5 2. Nf3 e6 3. b3 Nc6 4. Bb2 d5 5. exd5 exd5 6. d4 Nf6 7. Be2 cxd4 8.
O-O Bd6 9. Nxd4 O-O 10. Nxc6 bxc6 11. c4 Ne4 12. cxd5 Qh4 13. g3 Nxg3 14. hxg3
Bxg3 15. fxg3 Qxg3+ 16. Kh1 Qh3+ 17. Kg1 Qg3+ 18. Kh1 1/2-1/2

[Event "167th YMCA Spring A"]
[Site "Warsaw"]
[Date "2016.06.13"]
[Round "11"]
[White "Fus, Jakub"]
[Black "Choroszej, Aleksander"]
[Result "1-0"]
[WhiteElo "1936"]
[BlackElo "1959"]
[PlyCount "109"]
[EventDate "2016.04.07"]
[EventType "tourn"]
[EventRounds "1"]
[SourceDate "2016.04.07"]

1. d4 g6 2. c4 Bg7 3. e4 d6 4. Nc3 Nf6 5. f3 O-O 6. Be3 c5 7. d5 e6 8. Qd2 exd5
9. cxd5 a6 10. a4 Nbd7 11. Nh3 Ne5 12. Nf2 Nh5 13. Be2 f5 14. f4 Ng4 15. Bxg4
fxg4 16. g3 Bd7 17. Qe2 b5 18. O-O b4 19. Ncd1 Qe8 20. Qc2 Rb8 21. a5 Nf6 22.
Re1 Qf7 23. Bd2 h5 24. Ne3 Bb5 25. Nc4 Qc7 26. e5 dxe5 27. d6 Qd8 28. fxe5 Nd5
29. Qd3 Bc6 30. e6 Qf6 31. Qe2 Bb5 32. Rac1 Rbe8 33. e7 Rf7 34. Rc2 Qf5 35. Bc1
Bd4 36. Rf1 Qd7 37. Qe4 Qf5 38. Qe2 Rf6 39. Bh6 b3 40. Rcc1 g5 41. Bf8 Kh7 42.
h3 gxh3 43. Qxh5+ Kg8 44. Qe2 Kh7 45. Qh5+ Kg8 46. Qe2 g4 47. Rcd1 Kh7 48. Rc1
Bxc4 49. Rxc4 Rxd6 50. Rxd4 cxd4 51. Ne4 d3 52. Qxd3 Qg6 53. Rf7+ Kh8 54. Qd4+
Rf6 55. Rxf6 1-0

[Event "167th YMCA Spring A"]
[Site "Warsaw"]
[Date "2016.06.16"]
[Round "11"]
[White "Piotrowski, Arkadiusz"]
[Black "Golecki, Jan"]
[Result "1/2-1/2"]
[WhiteElo "2006"]
[BlackElo "1880"]
[PlyCount "122"]
[EventDate "2016.04.07"]
[EventType "tourn"]
[EventRounds "1"]
[SourceDate "2016.04.07"]

1. e4 c5 2. Nf3 e6 3. d4 cxd4 4. Nxd4 Nf6 5. Nc3 Nc6 6. Nf3 Bb4 7. Bd3 d5 8.
exd5 Nxd5 9. Bd2 Nxc3 10. bxc3 Bc5 11. O-O O-O 12. Qe2 Qc7 13. Bxh7+ Kxh7 14.
Ng5+ Kg8 15. Qh5 Rd8 16. Qh7+ Kf8 17. Be3 Bxe3 18. fxe3 Ne5 19. Qh8+ Ke7 20.
Qxg7 Rf8 21. Nh7 Re8 22. Rad1 Rd8 23. Qg5+ Ke8 24. Rxd8+ Qxd8 25. Qxe5 Qd2 26.
Qf6 Qxe3+ 27. Kh1 Qe2 28. Qxf7+ Kd8 29. Nf8 a5 30. h3 b5 31. Qf6+ Kc7 32. Qe7+
Kc6 33. Qf7 Ra7 34. Qf3+ Qxf3 35. Rxf3 Rg7 36. Rf6 Kd6 37. Ng6 Bb7 38. Kh2 Be4
39. Nh4 Bxc2 40. Rf2 Be4 41. Nf3 Rc7 42. Nd4 Rc5 43. Rb2 e5 44. Nxb5+ Kc6 45.
Na7+ Kc7 46. h4 Bd3 47. Kg1 a4 48. Rb4 Ra5 49. Kf2 Rxa7 50. Ke3 Bh7 51. a3 Kd6
52. g4 Ke7 53. c4 Kf6 54. Rb6+ Kf7 55. h5 Rc7 56. g5 Bg8 57. Ke4 Ke7 58. Kxe5
Rc5+ 59. Kf4 Rxc4+ 60. Ke5 Rc5+ 61. Kf4 Rc4+ 1/2-1/2

[Event "167th YMCA Spring A"]
[Site "Warsaw"]
[Date "2016.06.09"]
[Round "12"]
[White "Golecki, Jan"]
[Black "Bajkowski, Marcin"]
[Result "0-1"]
[WhiteElo "1880"]
[BlackElo "1910"]
[PlyCount "46"]
[EventDate "2016.04.07"]
[EventType "tourn"]
[EventRounds "1"]
[SourceDate "2016.04.07"]

1. e4 e6 2. d4 d5 3. Nd2 Nf6 4. e5 Nfd7 5. Bd3 c5 6. c3 Nc6 7. Ne2 cxd4 8. cxd4
f6 9. exf6 Nxf6 10. Nf3 Bd6 11. O-O O-O 12. Bf4 Bxf4 13. Nxf4 Ne4 14. Ne2 Rxf3
15. gxf3 Ng5 16. Kh1 e5 17. dxe5 Nxf3 18. Bxh7+ Kh8 19. Nf4 Bg4 20. Qd3 Ncxe5
21. Ng6+ Nxg6 22. Bxg6 Qh4 23. Qxf3 Bxf3+ 0-1

[Event "167th YMCA Spring A"]
[Site "Warsaw"]
[Date "2016.06.20"]
[Round "12"]
[White "Choroszej, Aleksander"]
[Black "Piotrowski, Arkadiusz"]
[Result "1-0"]
[WhiteElo "1959"]
[BlackElo "2006"]
[PlyCount "93"]
[EventDate "2016.04.07"]
[EventType "tourn"]
[EventRounds "1"]
[SourceDate "2016.04.07"]

1. d4 d5 2. c4 e6 3. Nc3 Nf6 4. Nf3 Be7 5. Bf4 O-O 6. e3 c6 7. c5 Nfd7 8. Bd3
Re8 9. O-O Nf8 10. b4 Nbd7 11. Bg3 Bf6 12. e4 dxe4 13. Nxe4 Ng6 14. Nd6 Rf8 15.
Re1 Be7 16. a4 Nf6 17. Qd2 Ne8 18. Nc4 Bd7 19. a5 Nc7 20. Rad1 Nd5 21. Nd6 Bc8
22. b5 f5 23. bxc6 bxc6 24. Be5 Nxe5 25. dxe5 Qc7 26. Bc4 Rb8 27. Nd4 Bd7 28.
a6 Kh8 29. f4 Bd8 30. Ra1 Be7 31. Rf1 Qd8 32. Kh1 g5 33. g3 Kg8 34. Rab1 g4 35.
Rb7 Rxb7 36. axb7 Qc7 37. Rb1 Rb8 38. Qc1 Kf8 39. Bxd5 exd5 40. Qc2 Kg8 41.
N4xf5 Bxd6 42. exd6 Qa5 43. Ne7+ Kf8 44. Qxh7 Be6 45. Qh6+ Kf7 46. Qg6+ Kf8 47.
Qf6+ 1-0

[Event "167th YMCA Spring A"]
[Site "Warsaw"]
[Date "2016.06.21"]
[Round "12"]
[White "Praczukowski, Stanislaw"]
[Black "Fus, Jakub"]
[Result "1-0"]
[WhiteElo "2073"]
[BlackElo "1936"]
[PlyCount "67"]
[EventDate "2016.04.07"]
[EventType "tourn"]
[EventRounds "1"]
[SourceDate "2016.04.07"]

1. e4 c5 2. Nf3 d6 3. d4 cxd4 4. Nxd4 Nf6 5. Nc3 a6 6. g3 e5 7. Nb3 Be6 8. Bg2
Be7 9. O-O O-O 10. Re1 b5 11. a4 b4 12. Nd5 Bxd5 13. exd5 Nbd7 14. a5 Qc7 15.
Bd2 Rab8 16. Nd4 exd4 17. Rxe7 Qc5 18. Bf4 Rfe8 19. Rxe8+ Rxe8 20. Qd3 Nxd5 21.
Bxd5 Qxd5 22. Qxa6 Ne5 23. Bxe5 dxe5 24. Qb6 h5 25. a6 Qa8 26. Qxb4 Rb8 27. Qc5
h4 28. a7 Re8 29. gxh4 Re6 30. h5 Kh7 31. Qb5 Rf6 32. Qb8 Qf3 33. a8=Q Qxf2+
34. Kh1 1-0

[Event "167th YMCA Spring A"]
[Site "Warsaw"]
[Date "2016.04.25"]
[Round "12"]
[White "Pietrzak, Wojciech"]
[Black "Borowy, Cezary"]
[Result "0-1"]
[WhiteElo "1856"]
[BlackElo "2026"]
[PlyCount "112"]
[EventDate "2016.04.07"]
[EventType "tourn"]
[EventRounds "1"]
[SourceDate "2016.04.07"]

1. d4 d5 2. Nc3 Bf5 3. Bf4 e6 4. e3 c6 5. a3 Nf6 6. h3 Bd6 7. Bxd6 Qxd6 8. Nge2
Nbd7 9. Ng3 Bg6 10. Bd3 c5 11. dxc5 Qxc5 12. Bxg6 hxg6 13. Qd4 Rc8 14. O-O-O
Qa5 15. Qb4 Qxb4 16. axb4 Rh4 17. Nb5 Ke7 18. Nd4 Kf8 19. f4 Rh8 20. Nf3 Ke7
21. Rd4 Nb6 22. Rhd1 Nc4 23. e4 Ne3 24. R1d2 dxe4 25. Nxe4 Nf5 26. Nd6 Nxd6 27.
Rxd6 Nd5 28. R6xd5 exd5 29. Rxd5 Rhd8 30. Re5+ Kf8 31. Ra5 a6 32. Ne5 Rd4 33.
b5 Rxf4 34. bxa6 bxa6 35. Rxa6 Rf1+ 36. Kd2 Rf2+ 37. Kd3 Rfxc2 38. b4 R8c3+ 39.
Kd4 f6 40. Nxg6+ Kf7 41. Nh8+ Kg8 42. Ng6 Rc4+ 43. Kd3 R2c3+ 44. Kd2 Rg3 45.
Ne7+ Kh7 46. b5 Rxg2+ 47. Kd3 Rb4 48. b6 Rg3+ 49. Kc2 Rxh3 50. Nd5 Rb5 51. Nc3
Rb4 52. Nd5 Rg4 53. Nc3 Rg2+ 54. Kb3 Rgg3 55. b7 Rxc3+ 56. Ka2 Rh2+ 0-1

[Event "167th YMCA Spring A"]
[Site "Warsaw"]
[Date "2016.06.10"]
[Round "12"]
[White "Szymczak, Rafal"]
[Black "Moscicka, Pola"]
[Result "1-0"]
[WhiteElo "2043"]
[BlackElo "1840"]
[PlyCount "151"]
[EventDate "2016.04.07"]
[EventType "tourn"]
[EventRounds "1"]
[SourceDate "2016.04.07"]

1. d4 Nf6 2. Nf3 e6 3. Bf4 d5 4. c3 Bd6 5. Bxd6 Qxd6 6. e3 O-O 7. Bd3 b6 8. O-O
c5 9. Nbd2 Ba6 10. Bxa6 Nxa6 11. Qe2 Nc7 12. Rad1 c4 13. e4 Nd7 14. Rfe1 Rfe8
15. e5 Qe7 16. Qe3 h6 17. g3 b5 18. Nh4 Nb6 19. f4 b4 20. f5 exf5 21. Nxf5 Qe6
22. Rf1 Na4 23. cxb4 Nxb2 24. Rb1 Nd3 25. Nb3 cxb3 26. Qxd3 bxa2 27. Rb2 a5 28.
b5 Rab8 29. Nd6 Re7 30. Rxa2 Ne8 31. Nxe8 Rexe8 32. Rxa5 Qb6 33. Ra6 Qxb5 34.
Qxb5 Rxb5 35. Ra7 Rf8 36. Rd7 f6 37. exf6 Rxf6 38. Rxf6 gxf6 39. Kg2 Rb2+ 40.
Kh3 Rd2 41. Rxd5 Kf7 42. g4 Ke6 43. Rh5 Rxd4 44. Rxh6 Kf7 45. Rh5 Kg6 46. Ra5
Rd3+ 47. Kh4 Rd2 $11 48. Kg3 Rd3+ 49. Kf4 Rh3 50. Ra2 Kg7 51. Re2 Kg6 52. Rf2
Rh8 53. Kg3 Rf8 54. Rf5 Rb8 55. h4 Rb3+ 56. Rf3 Rb5 57. Re3 Rb4 58. Rd3 Rb5 59.
Rd4 Rc5 60. Kf4 Kh6 61. Rd6 Kg7 62. Rd7+ Kg6 63. h5+ Kh6 64. Rf7 Rc4+ 65. Kf5
Rc5+ 66. Kxf6 Rc6+ 67. Ke5 Rc5+ 68. Ke6 Rc4 69. Rf6+ Kg5 70. Rg6+ Kh4 71. h6
Rc8 72. h7 Rh8 73. Rg7 Kg3 74. Kf5 Kh4 75. Kf6 Kg3 76. g5 1-0

[Event "167th YMCA Spring A"]
[Site "Warsaw"]
[Date "2016.06.22"]
[Round "13"]
[White "Borowy, Cezary"]
[Black "Szymczak, Rafal"]
[Result "1/2-1/2"]
[WhiteElo "2026"]
[BlackElo "2043"]
[PlyCount "24"]
[EventDate "2016.04.07"]
[EventType "tourn"]
[EventRounds "1"]
[SourceDate "2016.04.07"]

1. e4 c6 2. d4 d5 3. f3 e6 4. Ne2 Nf6 5. Nbc3 Be7 6. Be3 Qa5 7. e5 Nfd7 8. Nc1
O-O 9. Be2 c5 10. Nb3 Qd8 11. dxc5 Nxe5 12. O-O Nbc6 $11 1/2-1/2

[Event "167th YMCA Spring A"]
[Site "Warsaw"]
[Date "2016.06.20"]
[Round "13"]
[White "Fus, Jakub"]
[Black "Pietrzak, Wojciech"]
[Result "1-0"]
[WhiteElo "1936"]
[BlackElo "1856"]
[PlyCount "59"]
[EventDate "2016.04.07"]
[EventType "tourn"]
[EventRounds "1"]
[SourceDate "2016.04.07"]

1. d4 d5 2. c4 e6 3. Nf3 c5 4. cxd5 exd5 5. Nc3 Nc6 6. g3 c4 7. Bf4 Bb4 8. Rc1
Nge7 9. Bg2 O-O 10. O-O Re8 11. Ne5 f6 12. Nxc6 bxc6 13. e4 Bxc3 14. Rxc3 Ng6
15. Bc1 dxe4 16. Re1 Be6 17. Bxe4 Bd5 18. Rce3 Bxe4 19. Rxe4 Rxe4 20. Rxe4 Ne5
21. Qe2 Nd3 22. Bd2 Rb8 23. b3 f5 24. Re6 cxb3 25. axb3 Kf7 26. Rxc6 Qxd4 27.
Qe6+ Kf8 28. Qxf5+ Kg8 29. Bc3 Qd8 30. Qe6+ 1-0